La erosión de tierras en Colombia (Registro nro. 675)

Detalles MARC
000 -CABECERA
Campo de control 01097nam a2200265 a 4500
005 - FECHA Y HORA DE LA ULTIMA TRANSACCION
Campo de control 20160923151541.0
008 - ELEMENTOS DE LONGITUD FIJA—INFORMACION GENERAL
Campo de control 890912s1977 ck abf r 000 0 spa d
040 ## - FUENTE DE CATALOGACIÓN
Agencia catalogadora original CO-BoPUJ
Agencia transcriptora CO-BoIAVH
Agencia Modificadora CO-BoIAVH
041 0# - IDIOMA
Código de idioma para texto/pista de sonido o título separado Español
044 ## - PAÍS DE PUBLICACIÓN
País de publicación Colombia
082 04 - NUMERO DE CLASIFICACION DECIMAL DEWEY
Número de clasificación 551.302
Número del ítem L45t
100 1# - ASIENTO PRINCIPAL--NOMBRE PERSONAL
Nombre personal Lecarpentier, Claude
Término relacionado autor
9 (RLIN) 8675
245 13 - MENCION DE TITULO
Título La erosión de tierras en Colombia
Parte restante del título con mapa de procesos dinámicos /
Mención de responsabilidad Claude Lecarpentier [y otros 3]
260 ## - PUBLICACION, DISTRIBUCION, ETC. (PIE DE IMPRENTA)
Lugar de publicación, distribución, etc. Bogotá, Colombia :
Nombre del editor, distribuidor, etc. Inderena,
Fecha de publicación, distribución, etc. 1977.
300 ## - DESCRIPCION FISICA
Extensión 56 páginas :
Otros detalles físicos tablas ;
Dimensiones 24 x 16 cm.+
Material acompañante 2 mapas plegables a color
Dimensiones 90 X 150 cm.
504 ## - NOTA DE BIBLIOGRAFIA, ETC.
Nota de bibliografía Incluye referencias bibliográficas: páginas 55-56 y glosario.
650 26 - ASIENTO SECUNDARIO DE MATERIA - TERMINO TEMATICO
Término temático o nombre geográfico como elemento de entrada Erosión
Subdivisión geográfica Colombia
9 (RLIN) 76544
650 26 - ASIENTO SECUNDARIO DE MATERIA - TERMINO TEMATICO
Término temático o nombre geográfico como elemento de entrada Conservación de suelos
Subdivisión geográfica Colombia
9 (RLIN) 76545
700 1# - ASIENTO SECUNDARIO - NOMBRE PERSONAL
Nombre personal Pérez Preciado, Alfonso
Fechas asociadas con el nombre 1947-
Término de relación autor
9 (RLIN) 76546
700 1# - ASIENTO SECUNDARIO - NOMBRE PERSONAL
Nombre personal Khobzi, Jack
Término de relación autor
9 (RLIN) 8678
700 1# - ASIENTO SECUNDARIO - NOMBRE PERSONAL
Nombre personal Oster, Remy
Término de relación autor
9 (RLIN) 8679
710 1# - ASIENTO SECUNDARIO - NOMBRE CORPORATIVO
Nombre corporativo o de jurisdicción como elemento de entrada Colombia
Unidad subordinada Ministerio de Agricultura
-- Instituto Nacional de los Recursos Naturales Renovables y del Ambiente
9 (RLIN) 76547
740 0# - ASIENTO SECUNDARIO - TITULOS RELACIONADOS /ANALITICOS NO CONTROLADOS
Título relacionado o analítico no controlado Mapa general de erosi�on
942 ## - ELEMENTOS ADICIONALES (KOHA)
Sistema de clasificación Dewey Decimal Classification
Tipo de ítem Libro
Existencias
Withdrawn status Lost status Sistema de Clasificación Damaged status No para préstamo Colección Inventariado Ubicación Permanente Ubicación actual Fecha de adquisición Fuente de Valor Total Checkouts Número topográfico Inventario / Código de Barras Date last seen Ejemplar Price effective from Forma de adquisición Tipo de material Public note
    Dewey Decimal Classification     General Inventariado 2017 Sala Fabio Quevedo Sala Fabio Quevedo 07/02/1998 http://www.ediciones-omega.es   LB-551.302 L45t 000957 04/12/2012 Ej. 1 04/12/2012 Institucional Libro Incluye mapa general de erosión (CID-000958 y CID-035263)